| 000 | 00963cam a22002174a 4500 | ||
|---|---|---|---|
| 005 | 20250605164000.0 | ||
| 008 | 250528s ||||||||||||||||||||||||d | ||
| 035 | _a15590 | ||
| 020 | _a71148132 | ||
| 040 |
_aGR-AtMCL _bgre _dGR-AtMCL _eAACR2 |
||
| 245 | 1 | _aProgramming Languages / Paradigm and Practise Second Edition | |
| 250 | _a2nd | ||
| 260 |
_bMcgraw Hill Book Company, _c1997 |
||
| 300 | _a444 | ||
| 520 | _aThis book offers an up-to-date presentation of the concepts, theories, and histories of the numerous high-level programming languages. Preface, Preliminary Concepts, Introduction, Abstraction, Imperative Languages, Block Structures, Language Constructs for Parallel Processing, Formal Languages and Automata, Formal Languages, Declarative Languages, Logic Programming, Languages for Databases, Index, Labs. | ||
| 700 | 1 |
_aAppleby Doris _91550 |
|
| 700 | 1 |
_aVandekopple Julius J _91551 |
|
| 942 | _cBK | ||
| 999 |
_c1160 _d1160 |
||